000 02737nam a2200289Ia 4500
005 20181005135931.0
008 130821k16441649fr fr 1 latsd
040 _aCo-BoUCM
_bspa
_cSandra Yazo
_dSandra Yazo
041 0 _alat
082 0 4 _a221
_220
092 _aE09N010
100 1 _aBaeza, Diego de
_d1582-1647
_960294
242 0 0 _aComentarios alegóricos y morales sobre Cristo prefigurado en el Antiguo Testamento.
_cR. P. Diego de Baeza
_pTomo tercero: comprende la vida de Abraham y de Josué ;
_pTomo quinto: incluye la historia de Salomón, Absalón y Caín.
_yspa
245 1 0 _aCommentariorum allegoricorum, & Moralium de Christo figurato in veteri Testamento,
_cR. P. Didaci de Baeza ...
_pTomus tertius: complectens vitam Abrahami & Iosue :
_pTomus quintus: complectens historiam Salomonis, Absalonis & Caini.
250 _aEditio novissima [Última edición]
260 _aLugduni [Lyon] (Francia)
_bSumptib. Haer. Gabr. Boissat, & Laurentii Anisson [A expensas de los herederos de Gabriel Boissat y de Lorenzo Anisson] ; Sumptibus Laurentii Anisson, & soc. [A expensas de Lorenzo Anisson y compañía]
_c1644 - 1649
300 _a[36], 334, [22] ; [30], 379, [28] páginas
_c35 x 23 cm.
500 _aDetalles físicos: Encuadernación flexible en pergamino. Lomo con roturas, tapas con deterioro en bordes, con suciedad y manchas. Guardas desprendidas y rotas. Portada impresa en dos tintas, con un grabado de la marca tipográfica del editor. Dedicatoria. Licencias y permisos. Privilegio real. Índice inicial. Texto impreso en dos columnas, con varios tipos y tamaños de letra. Columnas separadas por una línea vertical. Apostillas marginales. Cenefas y remates. Mayúsculas capitales. Signaturas y reclamos. Cortes decorados. Papel manchado por humedad. Ejemplares en regular estado. V.3 empieza a desencuadernarse. Guarda delantera con anotación manuscrita, visible maculatura. Colección incompleta
505 1 _aV.3: Libro 6 – 7: Abraham y Jesús, lejos de sus parientes y de su casa, 13 capítulos ; Josué y Jesús en el río Jordán, 23 capítulos -- Índice de textos para orientar a los predicadores en la preparación los sermones -- V.5: Libro 9 – 11 : Salomón y Jesús que triunfan en Jerusalén, 17 capítulos ; Absalón o Judas que entrega a Cristo, 10 capítulos ; Caín o los que persiguen a Jesús, 4 capítulos.
506 _aConsulta en sala
546 _aTexto en latín
630 0 4 _aBiblia
_pA.T.
_vComentarios
_xObras anteriores a 1800
_940867
650 7 _aHermenéutica bíblica
_941080
_xObras anteriores a 1800
650 7 _aSermones de festividades religiosas
_928279
_vObras anteriores a 1800
690 _aTeología
_925230
942 _cLIBRO
_a4
_e1
_2LOCAL
_hE09N010
999 _c72642
_d72642